| 000 | 00535nam a22001817a 4500 | ||
|---|---|---|---|
| 005 | 20260108151632.0 | ||
| 008 | 260108b |||||||| |||| 00| 0 eng d | ||
| 020 | _a978-93-5161-183-7 | ||
| 100 | _aSWARUP, KANTI | ||
| 245 | _aINTRODUCTION TO MANAGEMENT SCIENCE OPWERATIONS RESEARCH | ||
| 250 | _a20TH REVISED ED, | ||
| 260 |
_aNEW DELHI _bSULTAN CHAND AND SONS EDUCATIONAL PUBLISHERS _c2022 |
||
| 300 | _aXIX, 1156P. | ||
| 500 | _aINCLUDES INDEX | ||
| 650 | _aOPERATIONS RESEARCH | ||
| 700 | _aGUPTA, P. K. | ||
| 942 |
_2lcc _cBK |
||
| 999 |
_c216431 _d216431 |
||